000 02115nam0a2200385 4500
001 RU\NLR\bibl\1657880
005 20250616035932.0
010 _a978-5-06-006226-7
021 _aRU
_b2010-44532
_92986
035 _a(nilc)RSL-KNO-004660764
035 _a(NLR Aleph) 001649178
090 _a910773
_c910773
100 _a20100622d2010 |||y0rusy50 ca
101 0 _arus
102 _aRU
105 _aa zzzz|||||
200 1 _aМеханика грунтов, основания и фундаменты
_eучебное пособие для студентов, обучающихся по направлению подготовки дипломированных специалистов "Строительство"
_f[Ухов С. Б. и др.]
_gпод ред. акад. РИА, засл. деят. науки и техники РФ, д.т.н., проф. С. Б. Ухова
205 _aИзд. 5-е, стер.
210 _aМосква
_cВысшая школа
_d2010
215 _a565, [1] с.
_cил., табл.
_d22
320 _aБиблиогр.: с. 562-563
606 1 _aМеханика грунтов
_jУчебные издания для высших учебных заведений
_92085385
_3RU\NLR\auth\661261501
606 1 _aОснования и фундаменты
_jУчебные издания для высших учебных заведений
_9975999
_3RU\NLR\auth\6647972
610 0 _aСтроительство -- Строительные конструкции -- Основания -- Механика грунтов -- Учебник для высшей школы
610 0 _aСтроительство -- Строительные конструкции -- Фундаменты -- Учебник для высшей школы
686 _aН581.1я73-1
_2rubbk
686 _aН582я73-1
_2rubbk
686 _aН58я73-1
702 1 _aУхов
_bС. Б.
_gСергей Борисович
_4220
801 0 _aRU
_bРГБ
_c20100622
_grcr
801 1 _aRU
_bРГБ
_c20100622
801 2 _aRU
_bNLR
_c20100723
_grcr
942 _cBOOK
980 _aNB